| 000 -LEADER |
| fixed length control field |
00459nam a22001697a 4500 |
| 005 - DATE AND TIME OF LATEST TRANSACTION |
| control field |
20150609045800.0 |
| 008 - FIXED-LENGTH DATA ELEMENTS--GENERAL INFORMATION |
| fixed length control field |
150609b xxu||||| |||| 00| 0 eng d |
| 041 0# - LANGUAGE CODE |
| Language code of text/sound track or separate title |
eng |
| 080 ## - UNIVERSAL DECIMAL CLASSIFICATION NUMBER |
| Universal Decimal Classification number |
93/99 |
| 100 ## - Rafti |
| Rafti |
Malcolm, Andrew H., |
| 245 ## - TITLE STATEMENT |
| Title |
The Canadians / |
| Statement of responsibility, etc |
Andrew H. Malcolm. |
| 260 ## - |
| -- |
New York, N.Y. : |
| -- |
Times Books, |
| -- |
c1985. |
| 300 ## - |
| -- |
xiii, 385 f. |
| -- |
me il.; |
| -- |
24 cm. |
| 650 #0 - |
| -- |
Historia Kanadeze |
| 700 1# - |
| -- |
Andrew H. Malcolm. |
| 942 ## - ADDED ENTRY ELEMENTS (KOHA) |
| Source of classification or shelving scheme |
|
| Item type |
Books |